000 00473nam a2200169Ia 4500
008 240729s9999 xx 000 0 und d
022 _a2373-7867
245 0 _aLetters in Biomathematics
260 _aUnited States
260 _bIntercollegiate Biomathematics Alliance
650 _a Biology (General) | Science
650 _a Mathematics
650 _aScience
856 _uhttps://doaj.org/toc/30b956a911e942be9d4c4407c95cfaf9
942 _2ddc
942 _cDOAJEJ
999 _c65827
_d65827
945 _a1
_bMadushi Gamage
_c1
_dMadushi Gamage